|
|
|
|
| LEADER |
01252cam a2200277 7i4500 |
| 001 |
0000031027 |
| 005 |
20140320090000.0 |
| 020 |
0 |
0 |
|a 9781619251281
|
| 090 |
0 |
0 |
|a USA 381.13025
|b FOO
|
| 245 |
0 |
0 |
|a Food & beverage market place 2014 :
|b volume 1.
|
| 250 |
0 |
0 |
|a 13th ed.
|
| 260 |
0 |
0 |
|a New York:
|b Grey House Publishing,
|c 2014.
|
| 300 |
# |
# |
|a 1v. [1296 p].
|
| 500 |
0 |
0 |
|a Library has volume 1 - 3
|
| 500 |
0 |
0 |
|a Volume 1 : Food and Beverage manufacturers
|
| 500 |
0 |
0 |
|a Volume 2 : Equipment, Supplies and Services
|
| 500 |
0 |
0 |
|a Volume 3 : Broker Companies, Importer/ Exporters, Transportation Firms, Warehouse Companies and Wholesalers/ Distributors
|
| 650 |
0 |
0 |
|a Food industry and trade --
|x Directories --
|z United States of America
|
| 650 |
0 |
0 |
|a Food industry and trade --
|x Directories --
|z Canada
|
| 650 |
0 |
0 |
|a Beverage industry and trade --
|x Directories --
|z United States of America
|
| 650 |
0 |
0 |
|a Beverage industry and trade --
|x Canada --
|x Directories
|
| 651 |
0 |
0 |
|a United States of America
|
| 651 |
0 |
0 |
|a Canada
|
| 999 |
|
|
|a B000034307
|b Directories
|c Countries
|e Business Information Centre
|
| 999 |
|
|
|a B000034306
|b Directories
|c Countries
|e Business Information Centre
|
| 999 |
|
|
|a B000034305
|b Directories
|c Countries
|e Business Information Centre
|